[Event "POL-chT 1 Liga 2019"]
[Site "Dzwirzyno"]
[Date "2019.09.10"]
[Round "4.29"]
[White "Sliwerski, Radoslaw"]
[Black "Tomaszewski, Kacper"]
[Result "1/2-1/2"]
[WhiteElo "2078"]
[BlackElo "2363"]
[Annotator "NA"]
[PlyCount "59"]
[EventDate "2019.09.07"]
[EventType "team-tourn"]
[EventCountry "POL"]
[SourceTitle "playchess.com"]
[Source "ChessBase"]
[SourceQuality "1"]
[TimeControl "40/5400+30:1800+30"]

1. d4 {[%emt 0:00:00]} Nf6 {[%emt 0:00:31]} 2. c4 {[%emt 0:00:00]} c5 {[%emt 0:00:04]} 3. Nf3 {[%emt 0:00:01]} cxd4 {[%emt 0:00:22]} 4. Nxd4 {[%emt 0:00:02]} e5 {[%emt 0:00:07]} 5. Nb5 {[%emt 0:00:02]} d5 {[%emt 0:00:05]} 6. cxd5 {[%emt 0:00:16]} Bc5 {[%emt 0:00:05]} 7. N5c3 {[%emt 0:00:04]} O-O {[%emt 0:00:43]} 8. g3 {[%emt 0:00:03]} Ng4 {[%emt 0:02:23]} 9. e3 {[%emt 0:00:11]} f5 {[%emt 0:00:06]} 10. h3 {[%emt 0:00:19]} Nf6 {[%emt 0:00:26]} 11. a3 {[%emt 0:00:02]} e4 {[%emt 0:03:40]} 12. b4 {[%emt 0:00:09]} Bd6 {[%emt 0:00:04]} 13. Nd2 {[%emt 0:03:48]} Be5 {[%emt 0:03:13]} 14. Bb2 {[%emt 0:02:05]} Bxc3 {[%emt 0:12:16]} 15. Bxc3 {[%emt 0:00:02]} Nxd5 {[%emt 0:00:14]} 16. Bc4 {[%emt 0:03:29]} Be6 {[%emt 0:01:27]} 17. Nb3 {[%emt 0:06:05]} Nf4 {[%emt 0:17:28]} 18. Bxe6+ {[%emt 0:03:18]} Nxe6 {[%emt 0:00:08]} 19. Qxd8 {[%emt 0:00:35]} Rxd8 {[%emt 0:00:12]} 20. Rd1 {[%emt 0:00:24]} Nc6 {[%emt 0:01:15]} 21. Ke2 {[%emt 0:00:44]} Kf7 {[%emt 0:12:51]} 22. h4 {[%emt 0:00:59]} g6 {[%emt 0:00:34]} 23. f3 {[%emt 0:02:59]} exf3+ {[%emt 0:00:56]} 24. Kxf3 {[%emt 0:01:53]} Ne7 {[%emt 0:00:27]} 25. e4 {[%emt 0:03:16]} Rac8 {[%emt 0:00:05]} 26. Be5 {[%emt 0:02:36]} fxe4+ {[%emt 0:09:08]} 27. Kxe4 {[%emt 0:00:10]} Rc4+ {[%emt 0:00:02]} 28. Kf3 {[%emt 0:01:26]} Nc6 {[%emt 0:00:26]} 29. Ba1 {[%emt 0:01:38]} Ncd4+ {[%emt 0:05:06]} 30. Ke4 1/2-1/2

[Event "POL-chT 1 Liga 2019"]
[Site "Dzwirzyno"]
[Date "2019.09.10"]
[Round "4.30"]
[White "Cieslak, Wiktoria"]
[Black "Kulon, Klaudia"]
[Result "0-1"]
[WhiteElo "2063"]
[BlackElo "2339"]
[Annotator "TA"]
[PlyCount "94"]
[EventDate "2019.09.07"]
[EventType "team-tourn"]
[EventCountry "POL"]
[SourceTitle "playchess.com"]
[Source "ChessBase"]
[SourceQuality "1"]

{[%evp 21,94,0,0,-48,4,-109,-45,-119,-103,-93,-91,-91,-53,-68,-62,-50,-49,-88,-61,-58,-55,-78,-70,-122,-82,-82,-82,-82,-89,-187,-185,-171,-170,-195,-195,-199,-193,-193,-193,-193,-200,-275,-273,-273,-273,-591,-570,-722,-708,-709,-662,-913,-913,-905,-871,-1751,-1251,-1261,-1840,-5106,-5002,-1651,-1749,-1178,-1136,-29979,-29972,-29969,-29968,-29960,-29960,-29960,-29951,-29997,-29998]} 1. e4 d5 2. exd5 Nf6 3. d4 Nxd5 4. c4 Nb6 5. h3 g6 6. Nf3 Bg7 7. Be2 O-O 8. O-O Nc6 {[%cal Bb8c6,Bc6e7,Be7f5,Bf5d4][%mdl 32]} 9. Be3 e5 10. d5 Ne7 11. Nc3 Nf5 12. c5 {B01: Scandinavian Defence} (12. Bg5 f6 13. Bc1 c5 14. dxc6 bxc6 15. b3 Qe7 16. Ne4 Rd8 17. Qc2 Be6 18. a4 c5 19. Ba3 Rac8 20. Rad1 Nd7 21. Rfe1 {1-0 (39) Nepomniachtchi,I (2729)-Smagin,S (2551) Olginka 2011}) 12... Nd7 (12... Nxe3 $15 13. fxe3 Nd7) 13. b4 (13. Qd2 $11 {keeps the balance.}) 13... a5 (13... Nxe3 $17 14. fxe3 a5) 14. Qb3 $146 (14. Bg5 $1 $15 f6 15. Bd2) ({Predecessor:} 14. Bg5 f6 15. Bd2 axb4 16. Ne4 b6 17. c6 Nc5 18. Nxc5 bxc5 19. Qc2 Qe7 {0-1 (39) Skaruz,J (2080)-Kuzik,I Koszalin 1997}) 14... Nd4 15. Bxd4 exd4 16. Ne4 d3 17. Bxd3 Bxa1 18. Rxa1 Nf6 19. Rd1 axb4 (19... Nxd5 20. Qxd5 $1 {[%mdl 512]} Qxd5 21. Nf6+ Kg7 22. Nxd5 $16) 20. d6 cxd6 21. cxd6 Bd7 22. Qxb4 ({Better is} 22. Qb2 $15 Nxe4 23. Bxe4) 22... Bc6 {Threatens to win with ...Nxe4.} ({Resist} 22... Rxa2 23. Qxb7 Ba4 24. Rd2 $15) 23. Ne5 Bxe4 (23... Rxa2 $6 24. Nxc6 bxc6 25. d7 $1 $11 {[%mdl 512]}) 24. Bxe4 {[#]} Qe8 $1 $36 {[%cal Re8e5][%mdl 2048] Black is on the roll.} ({Of course not} 24... Rxa2 $6 25. Bxb7 Qa5 26. Qxa5 $11) ({Much weaker is} 24... Nxe4 $6 25. Qxe4 Ra5 26. f4 $11) 25. Bxb7 (25. Ng4 $17 {was worth a try.} Nxe4 26. d7) 25... Qxe5 $19 26. Bxa8 Rxa8 27. d7 {[#]} Rd8 $1 28. a4 Rxd7 29. Rxd7 Nxd7 30. a5 Nc5 31. Qb6 Qe1+ 32. Kh2 Qxf2 33. a6 $2 (33. Qb8+ {is a better chance.} Kg7 34. Qe5+ Kh6 35. Qd6) 33... Qf4+ 34. Kh1 Qf1+ {[%mdl 64] Double Attack} 35. Kh2 Nxa6 36. Qd6 h5 37. Qb6 Kg7 38. Qc6 Qf6 39. Qc4 Qe5+ 40. Kh1 Nc5 41. Qb5 h4 42. Qc4 Ne4 {( -> ...Ng3+)} 43. Qb4 Ng3+ {Black mates.} 44. Kg1 Qa1+ 45. Kf2 Qf1+ 46. Ke3 Qe2+ 47. Kf4 Nh5+ {Accuracy: White = 35%, Black = 61%.} 0-1